000 02000nam0a2200337 4500
001 RU\NLR\BIBL_A\012466120
005 20210512161353.0
010 _a978-5-7924-1522-5
_9500
021 _aRU
_bКН-П-20-064481
_9КН-П-20-4842
035 _a(NLR Aleph) 012466120
035 _a(RuMoRGB)010453728
090 _a12051599
_c12051599
100 _a20210303d2019 u y0rusy50 ca
101 0 _arus
102 _aRU
105 _ay|||j|||000zy
181 0 _ai4
_baxxe
182 0 _an
200 1 _aАрбитражные суды в системе органов судебной власти в России
_eучебное пособие
_eдля студентов юридических вузов
_fС.П. Казакова
_gпод редакцией доктора юридических наук, профессора Т.А. Григорьевой
_gМинистерство науки и высшего образования Российской Федерации, Федеральное государственное бюджетное образовательное учреждение высшего образования "Саратовская государственная юридическая академия"
203 _aТекст
_bвизуальный
_cнепосредственный
210 _aСаратов
_cИзд-во ФГБОУ ВО "Саратовская государственная юридическая академия"
_d2019
215 _a117, [3] с.
_d21
320 _aБиблиогр.: с. 103-117 и в подстроч. примеч.
606 1 _aАрбитражные суды
_jУчебные издания
_yРоссийская Федерация
_92092849
_3RU\NLR\AUTH\661266575
686 1 _aХ629.221я7
700 1 _aКазакова
_bС. П.
_gСветлана Петровна
942 _cBOOK
980 _aNBR
980 _aNB